000 00511nam a2200193Ia 4500
008 151119s9999||||xx |||||||||||||| ||und||
082 _a923.254
082 _bGKKV9653
100 _aअत्रे प्र के
245 _aसुभाष कथा
260 _a--
260 _b--
260 _c0
600 _aअत्रे प्र के
630 _aसुभाष कथा
700 _aअत्रे प्र के
730 _aसुभाष कथा
942 _cBOOK
999 _c1063932
_d1063929